Göteborg Landvetter Airport Destinations (Gothenburg, Sweden) - Statistics

General Stats
  • This quiz has been taken 190 times
    22 since last reset
  • The average score is 20 of 37
Answer Stats
Airline Destination % Correct
KLM Amsterdam
95%
Brussels Airlines Brussels
89%
Wizz Air Rome (Fiumicino)
89%
Austrian Airlines Vienna
89%
Scandinavian Airlines Athens
84%
Air Serbia/Wizz Air Belgrade
84%
LOT Polish Airlines/Wizz Air Warsaw (Chopin)
84%
Widerøe Bergen
79%
airBaltic/Norwegian Air Shuttle Riga
79%
Norwegian Air Shuttle Barcelona
74%
Ryanair Palma de Mallorca
74%
Ryanair Alicante
68%
Scandinavian Airlines Gran Canaria
68%
Ryanair Milan (Malpensa)
68%
Norwegian Air Shuttle Tenerife (South)
68%
Ryanair Málaga
63%
Norwegian Air Shuttle Tirana
63%
Ryanair Zagreb
63%
Ryanair Bergamo
58%
Ryanair Dublin
58%
Ryanair Dubrovnik
58%
Ryanair Corfu
53%
Ryanair Prague
53%
Ryanair Zadar
53%
Scandinavian Airlines Rhodes
47%
Wizz Air Skopje
42%
Ryanair Pisa
37%
Ryanair Pula
37%
Ryanair/Wizz Air Gdańsk
32%
Norwegian Air Shuttle Hurghada
21%
Ryanair Banja Luka
16%
Ryanair Cagliari
16%
Scandinavian Airlines Preveza
16%
Wizz Air Tuzla
16%
Scandinavian Airlines Skiathos
11%
Norwegian Air Shuttle Marrakesh
5%
Transavia Bastia
0%
No matching quizzes found
Score Distribution
Percent of People with Each Score
Percentile by Number Answered
Your Score History
You have not taken this quiz since the last reset